书目信息 |
| 题名: |
我心飞翔
|
|
| 作者: | 吕慧英 , 扶长青 主编 | |
| 分册: | ||
| 出版信息: | 武汉 华中科技大学出版社 2017.07 |
|
| 页数: | 242页 | |
| 开本: | 26cm | |
| 丛书名: | ||
| 单 册: | ||
| 中图分类: | B844.2 , G647.9 | |
| 科图分类: | ||
| 主题词: | 大学生--心理健康--健康教育--高等学校--教材 | |
| 电子资源: | ||
| ISBN: | 978-7-5609-8031-7 | |
| 000 | 01009nam0 2200277 450 | |
| 001 | 0103152649 | |
| 005 | 20201103152730.0 | |
| 010 | @a978-7-5609-8031-7@dCNY19.80 | |
| 100 | @a20120930d2017 em y0chiy0110 ea | |
| 101 | 0 | @achi |
| 102 | @aCN@b420000 | |
| 105 | @ay z 000yy | |
| 106 | @ar | |
| 200 | 1 | @a我心飞翔@Awo xin fei xiang@e大学生心理健康教育读本@f吕慧英, 扶长青主编 |
| 210 | @a武汉@c华中科技大学出版社@d2017.07 | |
| 215 | @a242页@d26cm | |
| 300 | @a高等院校素质教育“十二五”规划教材 | |
| 330 | @a本书包括自我意识、人格塑造、生涯规划、学习、人际交往、情绪管理、恋爱与性、挫折与压力、生命教育、心理危机等若干主题,再现了大学生活中的一些困惑。 | |
| 517 | 1 | @a大学生心理健康教育读本@Ada xue sheng xin li jian kang jiao yu du ben |
| 606 | 0 | @a大学生@x心理健康@x健康教育@x高等学校@j教材 |
| 690 | @aB844.2@v5 | |
| 690 | @aG647.9@v5 | |
| 701 | 0 | @a吕慧英@Alv hui ying@4主编 |
| 701 | 0 | @a扶长青@Afu chang qing@4主编 |
| 801 | 0 | @aCN@bBJSZM@c20201103 |
| 905 | @b1256206-10@dB844.2@e3630@f5 | |
| 我心飞翔:大学生心理健康教育读本/吕慧英, 扶长青主编.-武汉:华中科技大学出版社,2017.07 |
| 242页;26cm |
| 高等院校素质教育“十二五”规划教材 |
| ISBN 978-7-5609-8031-7:CNY19.80 |
| 本书包括自我意识、人格塑造、生涯规划、学习、人际交往、情绪管理、恋爱与性、挫折与压力、生命教育、心理危机等若干主题,再现了大学生活中的一些困惑。 |
| ● |
| 相关链接 |
|
|
|
|
正题名:我心飞翔
索取号:B844.2/3630
 
预约/预借
| 序号 | 登录号 | 条形码 | 馆藏地/架位号 | 状态 | 备注 |
| 1 | 1256206 | 212562065 | 第一样本阅览室/ [索取号:B844.2/3630] | 在馆 | |
| 2 | 1256207 | 212562074 | 教育系资料室/ [索取号:B844.2/3630] | 在馆 | |
| 3 | 1256208 | 212562083 | 教育系资料室/ [索取号:B844.2/3630] | 在馆 | |
| 4 | 1256209 | 212562092 | 第一借阅区/ [索取号:B844.2/3630] | 在馆 | |
| 5 | 1256210 | 212562109 | 第一借阅区/ [索取号:B844.2/3630] | 在馆 |